00000000cas 2200000zi 4500
0019.962357
003CaOODSP
00520260506120420
006m     o  d f      
007cr cn ||||||||
008260429d19741981oncqr p o    f0### 0eng|d
022 |y0317-4514
040 |aCaOODSP|beng|erda|cCaOODSP
041 |aeng|afre
043 |an-cn---
0861 |aCo12-1-PDF
24500|aIn search = |bEn quête.
24631|aEn quête
264 1|aOttawa, Canada : |bDepartment of Communications = Ministère des communications, |c[1974-1981]
310 |aQuarterly
336 |atext|btxt|2rdacontent
337 |acomputer|bc|2rdamedia
338 |aonline resource|bcr|2rdacarrier
3621 |aCeased with: Vol. 8, no. 4 (1981).
500 |aDigitized edition from print [produced by Innovation, Science and Economic Development Canada].
546 |aText in English and French.
588 |aDescription based on: Vol. 1, no. 2 (spring 1974); title from PDF cover page.
588 |aLatest issue consulted: Vol. 8, no. 4 (1981).
650 0|aCommunication|zCanada|vPeriodicals.
655 7|aPeriodicals|2lcgft
7101 |aCanada. |bDepartment of Communications, |eissuing body.
788 |tIn search = |efre|w(CaOODSP)9.962358